00679nam a2200181 a 450000100100000000500170001000800410002702000150006804000250008310000300010824500910013824600650022926000350029430000250032950000210035495201050037599900170048000003644420200930075732.0120117s1991 xxu 000 0 spa d a0029010543 aDO-SdBNPbspacBNPHU1 aArsenault, Raymond96266010aCrucible of liberty :b200 years of the Bill of Rights /cedited by Raymond Arsenault.10aCrucible of liberty:bdoscientos years of the Bill of Rights aNew York :bFree Press,c1991. axi, 215 p. ;c25 cm. aIncluye índice 001050718MOaGRbGRcCTd2012-01-17iLF1l0o p36445-10r2020-06-25w2020-06-25y1ZNo se presta c35935d35935